| 000 | 00627cam a2200229 4500 | ||
|---|---|---|---|
| 008 | 090401t1985 xxu||||| |||| 00| 0 eng d | ||
| 020 | _a0854062831 | ||
| 022 | _a0262-9682 | ||
| 035 | _a(Sirsi) u41394 | ||
| 041 | _aeng | ||
| 050 | _a692.81 | ||
| 090 | _aRICS 1985/33ABCD | ||
| 110 |
_aRoyal Institution of Chartered Surveyors _bQuantity Surveyors' Division _91263 |
||
| 245 | _aInsolvencies | ||
| 260 |
_aLondon _bSurveyors` Publications _c1985 |
||
| 300 | _a18p. 30cm | ||
| 350 | _a0 | ||
| 490 |
_aRICS Quantity Surveyors Practice Pamphlet _v5 |
||
| 650 |
_aInsolvency _96247 |
||
| 942 | _n0 | ||
| 948 | _c04/03/1997 | ||
| 999 |
_c90926 _d90926 |
||